[Event "Copenhagen Challenge GM 2020"]
[Site "Ballerup"]
[Date "2020.07.23"]
[Round "2.5"]
[White "Olsen, Filip Boe"]
[Black "Rostgaard, Tobias Valentin"]
[Result "1-0"]
[WhiteElo "2353"]
[BlackElo "2372"]
[Annotator "TA"]
[PlyCount "87"]
[EventDate "2020.07.22"]
[EventType "tourn"]
[EventCountry "DEN"]
[SourceTitle "playchess.com"]
[Source "ChessBase"]
[SourceQuality "1"]

{[%evp 25,87,16,27,12,9,8,14,16,14,20,8,9,25,18,34,34,22,17,23,39,89,89,87,87,89,87,97,57,97,97,139,0,8,0,90,86,90,74,99,99,289,289,289,289,289,289,12834,12835,12834,4141,12841,12841,12841,12842,12844,12844,12845,12843,12844,12844,12845,12845,12845,12846]} 1. d4 Nf6 2. c4 e6 3. Nf3 Bb4+ 4. Bd2 Qe7 5. g3 Nc6 6. Bg2 O-O 7. O-O Bxd2 8. Nbxd2 d6 9. e4 e5 10. d5 Nb8 11. Ne1 a5 12. Nd3 Na6 13. Qc2 c6 14. dxc6 {E11: Bogo-Indian.} bxc6 15. c5 Nxc5 16. Nxc5 {The position is equal.} dxc5 17. Rfc1 Rd8 18. Nb3 {[%cal Bd2b3,Bb3c5,Bc5e6][%mdl 32]} Nd7 19. a4 {[#]} Nf8 $146 ({Predecessor:} 19... c4 20. Qxc4 Nb8 21. Qc3 Qc7 22. Rd1 Re8 23. Rd5 Na6 24. Rxa5 Rb8 25. Ra3 Qd6 {1-0 (40) Lytchak,A (2436)-Appel,R (2507) Germany 2004}) 20. Qc3 Qc7 21. Nxc5 Rb8 22. Bf1 Ne6 23. Nxe6 $1 Bxe6 24. Qxc6 Qxc6 25. Rxc6 Rxb2 26. Rc5 Rdd2 27. Rxa5 {Intending Ra8+ and mate.} g6 {[#]} 28. Rxe5 (28. Rb5 $1 $16) 28... Rxf2 $11 29. a5 {[%cal Ba4a5,Ba5a6][%mdl 32] aiming for a6.} Ra2 (29... Bg4 $1 $11 {remains equal.}) 30. Rxa2 $16 Rxa2 {[%mdl 4096] Endgame KRB-KRB} 31. a6 Ra1 {And now ...Bh3 would win.} 32. Kf2 Rxf1+ $2 {This costs Black the game.} (32... Kf8 $16) 33. Kxf1 {KR-KB} Bc4+ 34. Kf2 {White threatens a7 and mate.} Bxa6 35. g4 h6 $2 (35... Bc4 36. Rc5 Bb3) 36. h4 $18 {White is clearly winning.} Bc4 37. g5 hxg5 38. hxg5 Be6 39. Ke3 Ba2 40. Kd4 Kg7 41. Ra5 Be6 {[#]} 42. Ke5 $1 {[%cal Re5d4]} Bb3 43. Ra7 Bc4 44. Kd6 {Accuracy: White = 92%, Black = 53%.} 1-0

[Event "Copenhagen Challenge GM 2020"]
[Site "Ballerup"]
[Date "2020.07.23"]
[Round "3.1"]
[White "Johansson, Linus"]
[Black "Haubro, Martin"]
[Result "1-0"]
[WhiteElo "2476"]
[BlackElo "2437"]
[Annotator "TA"]
[PlyCount "79"]
[EventDate "2020.07.22"]
[EventType "tourn"]
[EventCountry "DEN"]
[SourceTitle "playchess.com"]
[Source "ChessBase"]
[SourceQuality "1"]

{[%evp 12,78,2,2,12,0,23,5,18,14,23,10,27,19,16,26,26,26,29,20,39,5,5,8,10,5,56,50,104,100,105,96,107,41,134,33,41,39,41,31,57,0,45,16,35,0,37,6,6,-65,0,0,135,134,177,167,188,152,547,538,628,629,29996,29997,29997,29998,29998,29999,29999]} 1. d4 Nf6 2. c4 e6 3. Nc3 Bb4 4. Nf3 b6 5. g3 Bb7 6. Bg2 O-O 7. Bd2 Re8 {E21: Nimzo-Indian: 4 Nf3.} 8. O-O d5 9. cxd5 exd5 {The position is equal.} 10. Rc1 c6 11. Ne5 {[#]} Bd6 $146 ({Predecessor:} 11... Nbd7 12. Bf4 Nxe5 13. Bxe5 Nd7 14. Bf4 Nf8 15. Re1 Ne6 16. Qd2 Qd7 17. a3 Be7 {1-0 (44) Hegeler,F (2225)-David,A (2315) Germany 1995}) 12. e4 Bxe5 13. dxe5 Rxe5 14. exd5 cxd5 15. Bf4 Re8 16. Bg5 $36 {[%mdl 3072] White has compensation. White fights for an advantage.} Na6 17. Qd4 Nc7 18. Rfd1 Rc8 (18... Re6 $11) 19. Qa4 $14 a6 {[#]} (19... h6 $1 $14 20. Bxf6 (20. Qxa7 hxg5 21. Qxb7 Rb8 $11) 20... Qxf6) 20. Ne4 $1 $16 {[%mdl 576] Pin} Qe7 {Strongly threatening ...b5.} (20... dxe4 21. Rxd8) 21. Nxf6+ gxf6 22. Bh4 (22. Be3 $16) 22... Qe5 (22... Ne6 $14) 23. Qb4 (23. Qg4+ $16 Kh8 24. Bf1) 23... Nb5 $1 $14 24. Rxc8 Bxc8 25. h3 Kg7 $1 26. Kh2 ({White should try} 26. g4 $14) 26... Qd6 27. Qd2 Qe5 28. Qb4 Qd6 29. Qb3 d4 30. Rd3 (30. Qd3 $11) 30... Re5 (30... Bf5 $15 31. Rf3 Re5) 31. a4 $11 Nc7 {[#]} (31... Bf5 $1 $11 32. axb5 Bxd3 33. Qxd3 Rxb5) 32. Qd1 $1 $16 Bf5 33. Rxd4 Qe7 34. Rd6 Re6 $2 {Loses the game.} (34... Re1 $16 35. Qd4 (35. Bxf6+ Qxf6 36. Rxf6 Rxd1 $11) 35... Ne6) 35. Rd7 $18 Qc5 36. Qh5 Qxf2 {next ...Bg6 is good for Black.} 37. Qxf7+ {White mates.} Kh6 38. Qg7+ Kh5 39. g4+ {[%mdl 64] Double Attack, Discovered Attack} Kxh4 40. Qh6# {Accuracy: White = 75%, Black = 57%.} 1-0

[Event "Copenhagen Challenge GM 2020"]
[Site "Ballerup"]
[Date "2020.07.23"]
[Round "3.2"]
[White "Thybo, Jesper Sondergaard"]
[Black "Grandelius, Nils"]
[Result "1/2-1/2"]
[WhiteElo "2590"]
[BlackElo "2651"]
[Annotator "TA"]
[PlyCount "53"]
[EventDate "2020.07.22"]
[EventType "tourn"]
[EventCountry "DEN"]
[SourceTitle "playchess.com"]
[Source "ChessBase"]
[SourceQuality "1"]

{[%evp 12,53,10,4,32,42,46,32,46,43,47,47,37,43,51,39,52,47,55,55,40,42,109,104,135,135,189,182,232,116,117,116,173,144,203,200,231,223,179,0,192,0,228,0]} 1. d4 d5 2. c4 e6 3. Nf3 Nf6 4. g3 Bb4+ 5. Bd2 a5 6. Bg2 O-O 7. Qc2 c5 {E11: Bogo-Indian.} 8. cxd5 cxd4 9. Nxd4 Qb6 {White is slightly better.} 10. e3 exd5 11. O-O Nc6 12. Nxc6 bxc6 13. Rc1 Rb8 $1 {[%mdl 4] is currently scoring better than 13...Bd7. Played by Anish Giri in April 2020.} 14. Nc3 h5 {[#]} 15. a3 $146 ({Predecessor:} 15. Na4 Qd8 16. Bxb4 Rxb4 17. b3 h4 18. Qxc6 h3 19. Bh1 d4 20. Qc7 dxe3 21. fxe3 {0-1 (34) Vidit,S (2726)-Giri,A (2764) chess24.com INT 2020}) 15... Be7 $1 16. Na4 $36 {[%mdl 2048] White fights for an advantage.} Qd8 (16... Qc7 $14) 17. Qxc6 $16 Bf5 18. Qc7 Qe8 (18... Qd7 $16 19. Qxd7 (19. Qxa5 Bd8 $16) 19... Bxd7) 19. Nb6 $18 Ne4 20. Nxd5 ({Better is} 20. Bxa5 $18 {And now Qe5 would win.} Be6 21. a4) 20... Bd6 $16 {[#]} 21. Qc6 $1 {Hoping for Bxe4.} ({Not} 21. Qxa5 Rb5 $15) 21... Qe6 (21... Qe5 $16 {keeps fighting.} 22. Bxa5 Rxb2) 22. Bxa5 $18 {Strongly threatening b4.} Rxb2 (22... Rfc8 $16 23. Bc7 Rxb2) 23. Be1 h4 {next ...hxg3 is good for Black.} 24. Nf4 Qe7 25. Nd5 Qe6 $1 {Black wants to play ...hxg3.} 26. Nf4 Qe7 {[#]} 27. Nd5 $2 {Accuracy: White = 85%, Black = 59%.} ({White should try} 27. g4 $1 $18 {[%cal Rg4f5]} Bh7 28. Rd1 Bxf4 29. exf4) 1/2-1/2

[Event "Copenhagen Challenge GM 2020"]
[Site "Ballerup"]
[Date "2020.07.23"]
[Round "3.3"]
[White "Antonsen, Mikkel"]
[Black "Hector, Jonny"]
[Result "0-1"]
[WhiteElo "2376"]
[BlackElo "2476"]
[Annotator "TA"]
[PlyCount "82"]
[EventDate "2020.07.22"]
[EventType "tourn"]
[EventCountry "DEN"]
[SourceTitle "playchess.com"]
[Source "ChessBase"]
[SourceQuality "1"]

{[%evp 9,82,0,4,-23,-20,-82,-88,-92,-71,-179,-208,-164,-173,-162,-161,-166,-172,-182,-171,-185,-130,-129,-135,-145,-124,-268,-245,-306,-297,-295,-304,-427,-376,-391,-377,-477,-402,-403,-399,-685,-418,-418,-410,-654,-713,-740,-739,-697,-685,-945,-858,-923,-893,-877,-857,-850,-850,-1854,-1695,-2297,-1522,-2148,-1804,-1927,-1955,-1722,-1670,-1387,-1411,-1410,-1261,-1937,-1887,-1867,-1783]} 1. c4 e5 2. Nc3 Bb4 3. Nf3 Bxc3 4. bxc3 e4 5. Nd4 Nf6 {[#]} 6. g4 $146 {A21: English Opening: 1...e5 2 Nc3.} ({Predecessor:} 6. g3 c5 7. Nb3 b6 8. Bg2 d5 9. cxd5 Qxd5 10. d4 O-O 11. dxc5 Qh5 12. cxb6 axb6 {1-0 (20) Moiseenko,V (2505)-Volkov,S (2578) Taganrog 2019}) 6... Nxg4 {...Qh4! is the strong threat.} 7. Rg1 (7. Qc2 $11 Nf6 8. Bg2) 7... Qh4 {[%csl Gg4][%cal Rh4f2]} 8. Rg3 {Black is better.} d6 $1 9. Qc2 (9. h3 $17 Ne5 10. d3) 9... f5 $1 $40 {[%mdl 128] Black has strong attack.} (9... Nxh2 10. Bg2 $11) 10. Qa4+ (10. h3 $2 Nxf2 $1 {[%mdl 512]} 11. Qa4+ c6 $19) 10... Bd7 11. Qb3 b6 $1 {Threatens to win with ...Nxf2!} (11... Nxh2 $2 12. Rh3 $18) (11... Qxh2 $2 12. Rg2 $18) 12. c5 Qxh2 (12... bxc5 13. Ne6 $17) ({But not} 12... dxc5 13. Nxf5 $1 {[%mdl 512]} Qf6 14. h3 $15) 13. Rg2 Qe5 $1 14. cxd6 c5 ({Much less strong is} 14... cxd6 15. f4 $17) ({Not} 14... Qxd6 15. f3 $15) (14... Na6 $19 15. dxc7 Nc5) 15. Nb5 $17 {[#]} Bxb5 $1 16. Qxb5+ {[#]} Nd7 $1 17. Qb3 {This costs White the game.} (17. d4 $17 {is a better defense.} Qe6 18. Qb3) 17... Qxd6 $19 18. a4 Nde5 19. a5 c4 20. Qa2 (20. Qa3 $142 Qxa3 21. Bxa3) 20... Rd8 21. axb6 axb6 22. Rb1 Kf7 23. Qa7+ Nd7 {White must now prevent ...Ra8.} 24. Rb5 $2 (24. Qa6 Qe6 25. Rg1) 24... g6 {And now ...Ra8 would win.} 25. Rxg4 fxg4 26. e3 (26. Qb7 $142 Rhe8 27. e3) 26... Qc6 {Black is clearly winning.} 27. Qa2 Rc8 28. Qb1 Kg7 29. Ba3 Rhe8 30. Qb4 Re5 31. Rxe5 Nxe5 32. Qe7+ Nf7 33. Bb4 Re8 34. Qa7 h5 35. Qa2 Ne5 36. Qa7+ Kh6 37. Qa3 Nf3+ 38. Kd1 Qf6 39. Bxc4 h4 40. Bb5 h3 41. Bxe8 h2 {Accuracy: White = 38%, Black = 82%.} 0-1

[Event "Copenhagen Challenge GM 2020"]
[Site "Ballerup"]
[Date "2020.07.23"]
[Round "3.4"]
[White "Rostgaard, Tobias Valentin"]
[Black "Haldorsen, Benjamin"]
[Result "0-1"]
[WhiteElo "2372"]
[BlackElo "2458"]
[Annotator "RC"]
[PlyCount "68"]
[EventDate "2020.07.22"]
[EventType "tourn"]
[EventCountry "DEN"]
[SourceTitle "playchess.com"]
[Source "ChessBase"]
[SourceQuality "1"]
[TimeControl "40/5400:0"]

1. e4 {[%emt 0:13:48]} g6 {[%emt 0:00:00]} 2. d4 {[%emt 0:00:00]} Bg7 {[%emt 0:00:00]} 3. Nc3 {[%emt 0:00:00]} d6 {[%emt 0:00:00]} 4. Nf3 {[%emt 0:01:12]} a6 {[%emt 0:00:00]} 5. a4 {[%emt 0:00:00]} Nf6 {[%emt 0:00:00]} 6. h3 {[%emt 0:00:10]} O-O {[%emt 0:00:14]} 7. Be3 {[%emt 0:00:00]} Nc6 {[%emt 0:01:59]} 8. Be2 {[%emt 0:00:04]} e5 {[%emt 0:00:33]} 9. d5 {[%emt 0:02:32]} Ne7 {[%emt 0:00:00]} 10. Qd2 {[%emt 0:00:38]} Bd7 {[%emt 0:00:15]} 11. Nh2 {[%emt 0:04:23]} b5 {[%emt 0:08:25]} 12. Ng4 {[%emt 0:05:47]} b4 {[%emt 0:01:56]} 13. Nxf6+ {[%emt 0:00:00]} Bxf6 {[%emt 0:00:00]} 14. Nd1 {[%emt 0:00:36]} a5 {[%emt 0:00:25]} 15. g4 {[%emt 0:03:16]} c6 {[%emt 0:11:45]} 16. Bh6 {[%emt 0:04:51]} Re8 {[%emt 0:01:01]} 17. Ne3 {[%emt 0:01:07]} cxd5 {[%emt 0:00:58]} 18. exd5 {[%emt 0:00:05]} Qc7 {[%emt 0:10:42]} 19. h4 {[%emt 0:03:51]} Nc8 {[%emt 0:03:49]} 20. h5 {[%emt 0:08:30]} Nb6 {[%emt 0:01:04]} 21. hxg6 {[%emt 0:00:00]} fxg6 {[%emt 0:00:34]} 22. Kf1 {[%emt 0:19:46]} e4 {[%emt 0:08:56]} 23. Rb1 {[%emt 0:06:14]} Nxa4 {[%emt 0:11:00]} 24. Bf4 {[%emt 0:03:25]} Nxb2 {[%emt 0:06:22]} 25. Kg2 {[%emt 0:01:18]} a4 {[%emt 0:11:17]} 26. g5 {[%emt 0:03:40]} Bc3 {[%emt 0:00:17]} 27. Qc1 {[%emt 0:00:00]} a3 {[%emt 0:00:00]} 28. Qg1 {[%emt 0:00:00]} Be5 {[%emt 0:04:47]} 29. Qh2 {[%emt 0:01:54]} Bc8 {[%emt 0:00:00]} 30. Bg4 {[%emt 0:01:01]} Nc4 {[%emt 0:00:06]} 31. Nxc4 {[%emt 0:00:13]} Bxg4 {[%emt 0:00:00]} 32. Bxe5 {[%emt 0:00:28]} Bf3+ {[%emt 0:00:26]} 33. Kg3 {[%emt 0:00:12]} dxe5 {[%emt 0:00:10]} 34. d6 {[%emt 0:00:22]} Qf7 {[%emt 0:00:00]} 0-1

[Event "Copenhagen Challenge GM 2020"]
[Site "Ballerup"]
[Date "2020.07.23"]
[Round "3.5"]
[White "Jacobsen, Mikkel Manosri"]
[Black "Olsen, Filip Boe"]
[Result "1-0"]
[WhiteElo "2316"]
[BlackElo "2353"]
[Annotator "TA"]
[PlyCount "119"]
[EventDate "2020.07.22"]
[EventType "tourn"]
[EventCountry "DEN"]
[SourceTitle "playchess.com"]
[Source "ChessBase"]
[SourceQuality "1"]

{[%evp 18,119,26,15,29,39,20,27,26,40,49,0,10,0,0,0,9,0,0,-18,8,19,65,0,7,1,0,17,8,-268,-258,-266,-247,-200,91,95,234,174,264,216,216,216,216,216,216,216,176,77,422,422,422,422,570,592,610,572,1147,572,1192,572,1534,1333,1329,1184,900,407,407,407,407,407,407,407,407,407,6179,6087,29963,29965,29963,200,29965,29966,29974,29975,29975,29976,29977,29980,29980,29981,29981,29982,29983,29984,29986,29983,29983,29984,29984,29985,29985,29986,29986,29987]} 1. Nf3 d5 2. e3 Nf6 3. c4 e6 4. b3 c5 5. Bb2 Nc6 6. d4 cxd4 7. exd4 dxc4 8. bxc4 Bb4+ 9. Nbd2 O-O 10. Bd3 e5 {And now ...e4 would win. A13: English Opening: 1...e6.} 11. d5 Bg4 {[#]} 12. O-O $146 ({Predecessor:} 12. Be2 e4 13. Ne5 Nxe5 14. Bxe5 Bxe2 15. Qxe2 e3 16. fxe3 Re8 17. Bb2 Ne4 18. Rd1 Nxd2 19. Rxd2 Qh4+ 20. Kd1 Bxd2 21. Kxd2 Rac8 22. Bd4 b6 23. g3 Qe7 24. Rc1 Qb4+ {½-½ (24) Raider,E (1985)-Hinrichs,J (1957) Osnabrueck 2011}) 12... Nd4 {White has an edge.} 13. Bxd4 exd4 14. Qc2 Bxd2 15. Nxd2 b5 $1 16. cxb5 Rc8 17. Nc4 Qxd5 18. a4 Nh5 19. f4 $1 Nf6 20. Rfe1 {[#]} (20. Rac1 $14) 20... Bf5 $1 {[%mdl 512]} 21. Rac1 (21. Bxf5 Rxc4) 21... Bxd3 22. Qxd3 Qc5 $1 23. Ne5 $2 {[%mdl 8192]} (23. h3 $11) 23... Qxc1 $19 24. Rxc1 Rxc1+ 25. Kf2 h5 $2 ({Better is} 25... Rd8 $19 {aiming for ...Rc3.} 26. Nc6 Rc3) 26. Qxd4 $16 Rc2+ (26... h4 $16 {might work better.}) 27. Kf3 Ng4 (27... Rfc8 {was necessary.} 28. Kg3 R8c3+ 29. Nf3 Rc7) 28. Nxg4 hxg4+ 29. Kxg4 Rxg2+ $18 {[%mdl 4096] Endgame [#] KQ-KRR} 30. Kf3 $1 {[%cal Rf3g2]} Rxh2 31. Qxa7 {Black must now prevent b6.} Rb2 32. b6 (32. Qd7 $18 {and White stays clearly on top.}) 32... Rc8 $2 {[%mdl 8192]} (32... Rd8 $16) 33. a5 Rc3+ 34. Ke4 Rcb3 {and the idea ...Rb5 leaves Black hopeful.} 35. Kd5 Kh7 36. Kc6 Rc3+ {[#]} 37. Kb7 $1 Ra3 38. a6 (38. Qa8 $142 Re2 39. Qd8) 38... Re2 {intending ...Re7+.} 39. Qa8 Re7+ 40. Kc6 Re6+ 41. Kc5 (41. Kc7 $142) 41... Ra5+ 42. Kb4 Ra1 43. Qb7 Rb1+ 44. Kc5 {Strongly threatening a7.} Rc1+ 45. Kd5 Rb1 (45... Rd1+ $142 46. Kc5 Rc1+ 47. Kd4 Rd6+ 48. Ke5 Re6+ 49. Kd5 Rd1+ 50. Kc5 Rc1+) 46. Qxf7 Rexb6 47. Qh5+ Kg8 48. Qe8+ Kh7 49. a7 {White mates.} Ra1 50. a8=Q Rxa8 51. Qxa8 {KQ-KR} Rb5+ 52. Ke6 Rb6+ 53. Ke7 Rf6 54. Qe4+ Kh6 55. Qe5 Ra6 56. Qd4 Rc6 57. f5 {[%cal Rd4h4]} Kh7 58. Qe4 Rf6 59. Qe6 Rh6 {[#]} 60. Kf7 $1 {[%mdl 512] Accuracy: White = 68%, Black = 50%.} 1-0

[Event "Copenhagen Challenge GM 2020"]
[Site "Ballerup"]
[Date "2020.07.24"]
[Round "4.1"]
[White "Hector, Jonny"]
[Black "Johansson, Linus"]
[Result "1/2-1/2"]
[WhiteElo "2476"]
[BlackElo "2476"]
[Annotator "TA"]
[PlyCount "139"]
[EventDate "2020.07.22"]
[EventType "tourn"]
[EventCountry "DEN"]
[SourceTitle "playchess.com"]
[Source "ChessBase"]
[SourceQuality "1"]

{[%evp 34,139,40,35,47,52,37,33,53,3,48,43,43,34,29,29,39,21,40,19,71,74,68,49,48,44,46,61,55,60,53,68,74,67,98,93,110,107,119,94,104,120,101,117,110,93,117,101,116,68,91,91,92,60,116,91,91,91,91,91,175,168,173,132,147,137,126,72,87,88,88,88,93,8,8,8,25,0,0,0,0,0,0,0,0,0,0,0,0,0,0,0,0,0,0,0,0,0,0,0,0,0,0,0,0,0,175,0]} 1. e4 c5 2. Nf3 Nc6 3. d4 cxd4 4. Nxd4 Nf6 5. Nc3 e5 6. Ndb5 d6 7. Bg5 a6 8. Na3 b5 9. Bxf6 gxf6 10. Nd5 f5 11. c3 Bg7 12. Bd3 Be6 13. Qh5 O-O 14. exf5 Bxd5 15. f6 e4 16. fxg7 Re8 17. Be2 Re5 18. Qh6 Qg5 {B33: Sicilian: Pelikan and Sveshnikov Variations.} 19. Qxg5 Rxg5 20. Nc2 Be6 {[#] White is slightly better.} 21. f4 $146 ({Predecessor:} 21. O-O Rd5 22. Rfd1 Rxd1+ 23. Rxd1 Rd8 24. Nd4 Nxd4 25. Rxd4 Bxa2 26. Rxe4 d5 27. Rd4 {1-0 (47) Oleksienko,M (2615)-Skliarov,V (2429) Warsaw 2016}) 21... exf3 22. Bxf3 Bd5 23. O-O-O Bxf3 24. gxf3 Rd8 25. f4 Rxg7 26. Rd2 f5 (26... Rg4 $11 {keeps the balance.}) 27. Rhd1 $16 Rg6 28. Ne3 Ne7 29. Nd5 Nxd5 30. Rxd5 $14 {[%mdl 4096] Endgame KRR-KRR} Rf6 31. R1d4 Kf7 32. a4 bxa4 33. Rxa4 Ke6 34. Rd2 Ra8 35. b4 Kd7 36. Kb2 Kc7 37. Ra5 Kb7 38. Kb3 Rc8 39. Rad5 Kc7 40. Re2 Kb7 41. Re3 Rc7 42. Red3 Rc6 43. Rd2 Kb6 (43... Rh6 $14) 44. h4 Rh6 45. Rh2 Rh5 46. c4 Rh6 (46... Kc7 $16 {is a better defense.}) 47. Rxf5 $18 Re6 48. Rc2 Re3+ 49. Rc3 Re1 50. Rh5 ({White should try} 50. Kc2) 50... Rb1+ 51. Ka3 Rf1 {[#]} 52. Rf5 $1 h5 53. Rc2 (53. Kb2 $16) 53... d5 $1 $11 54. Rxd5 Rxf4 55. Rxh5 (55. c5+ {looks sharper.} Kb5 56. Rd8 Rf3+ 57. Kb2 Rcf6 58. Rd5) 55... Rcxc4 56. Rxc4 Rxc4 {KR-KR} 57. Ka4 Rf4 58. Rh6+ Kb7 59. h5 Rf5 60. Rh8 {aiming for h6.} Kb6 61. h6 Rh5 62. Kb3 {[#] h7 is the strong threat.} Rh4 63. Kc3 {Black must now prevent h7.} Ka7 64. Rh7+ (64. b5 $5) 64... Kb6 65. Rh8 Ka7 66. Kb3 {Threatens to win with h7.} Kb6 67. Ka4 {And now h7 would win.} Kb7 68. Kb3 {Hoping for Kc3.} Kb6 69. Kc3 $2 (69. Ka2 $11 Kb5 70. h7) 69... Ka7 $1 $18 70. Kb3 $2 {Black escapes into a draw. Accuracy: White = 79%, Black = 87%.} ({Only move:} 70. h7 $18) 1/2-1/2

[Event "Copenhagen Challenge GM 2020"]
[Site "Ballerup"]
[Date "2020.07.24"]
[Round "4.2"]
[White "Grandelius, Nils"]
[Black "Antonsen, Mikkel"]
[Result "1-0"]
[WhiteElo "2651"]
[BlackElo "2376"]
[Annotator "TA"]
[PlyCount "91"]
[EventDate "2020.07.22"]
[EventType "tourn"]
[EventCountry "DEN"]
[SourceTitle "playchess.com"]
[Source "ChessBase"]
[SourceQuality "1"]

{[%evp 11,91,17,13,15,28,28,28,22,23,23,27,27,25,14,23,22,39,26,64,50,81,68,83,83,132,128,196,147,158,110,97,92,93,101,101,111,185,41,46,45,46,39,40,54,40,31,118,118,125,103,129,141,219,153,214,209,195,196,263,255,242,235,246,268,457,464,446,454,632,612,583,437,1007,1006,983,983,964,912,964,943,878,852]} 1. d4 d5 2. c4 e6 3. Nc3 Nf6 4. cxd5 exd5 5. Bg5 c6 6. Qc2 h6 7. Bh4 {D36: Queen's Gambit Declined: Exchange Variation: Main line (5 Bg5 c6 6 Qc2).} g6 {is recently more successful than 7...Be7. Played by Alexander Grischuk in May 2020.} 8. e3 Bf5 9. Bd3 {White has an edge.} Bxd3 10. Qxd3 Nbd7 11. Nge2 Be7 12. f3 O-O 13. O-O Re8 14. Rad1 {[#]} a6 $146 ({Predecessor:} 14... b5 15. Bxf6 Bxf6 16. e4 b4 17. Na4 Nb6 18. Nc5 Nc4 19. Rb1 Be7 20. b3 Ne5 {0-1 (41) Drnovsek,G (2402)-Fridman,D (2633) Skopje 2019}) 15. Bf2 h5 16. h3 Nh7 17. e4 dxe4 18. fxe4 c5 (18... Ndf8 $16 19. e5 Qc7) 19. Nd5 Bf8 20. Nec3 Rc8 21. dxc5 Nxc5 22. Qf3 {aiming for Bd4.} Re6 23. Bg3 Ng5 {[#]} (23... Qe8 $16) 24. Nf6+ (24. Qf4 $1 $18) 24... Qxf6 $14 25. Qxf6 Rxf6 26. Rxf6 Ncxe4 27. Nxe4 Nxe4 28. Rf3 $36 {[%mdl 2048] White has the initiative.} Bg7 {Black is now going downhill.} ({Better is} 28... Rc2 $14) 29. b3 $16 b5 30. Be1 Bf8 31. Kf1 b4 (31... Be7 $16 {might work better.} 32. Rd7 Kf8) 32. Rfd3 Rc2 (32... Rc6 $16 33. Rd8 Kg7) 33. Rd8 $18 {[#] And now Bxb4 would win.} Kg7 34. R1d4 Nc3 (34... Ng5 $142 35. Bxb4 Bxb4) 35. R8d7 g5 36. Rd2 Rc1 37. Rf2 Ne4 $2 (37... Kg6 38. Rfxf7 Bc5 39. Rg7+ Kf5 40. Rdf7+ Ke6) 38. Rfxf7+ {White is clearly winning.} Kg8 {If only Black now had time for ...Ng3+....} 39. Ke2 Nc3+ 40. Bxc3 $1 bxc3 {[%mdl 4096] Endgame KRR-KRB} 41. Rc7 Bb4 (41... Rc2+ $142 42. Ke3 Rxg2) 42. Rg7+ Kf8 43. Rh7 {[%cal Rh7h8]} Kg8 44. Rcg7+ Kf8 45. Rb7 {[%cal Rh7h8]} Kg8 46. Rhg7+ {Accuracy: White = 84%, Black = 50%.} 1-0